| 000 | 00503nam a2200169 a 4500 | ||
|---|---|---|---|
| 001 | 3258 | ||
| 005 | 20140414131920.0 | ||
| 008 | 060215s19uu xx 00 eng d | ||
| 020 | _a0-7214-1193-2 | ||
| 050 |
_aER _bSt6 1989 |
||
| 100 | _aStimson, Joan | ||
| 245 |
_aStorytime for 6 year olds / _cby Joan Stimson ; illustrated by John and Caroline Astrop. |
||
| 260 |
_aLeicesterashire, UK : _bLadyBird Books, _c1989. |
||
| 300 | _a43 p. : ill. ; cm. | ||
| 650 | _aChildren stories. | ||
| 999 |
_c111727 _d111727 |
||